LEADER 01187nam0-2200397---450 001 990010114170403321 005 20220317100237.0 010 $a9788884975393 035 $a001011417 035 $aFED01001011417 035 $a(Aleph)001011417FED01 100 $a20161027d2016----km-y0itay50------ba 101 0 $aita$aeng 102 $aIT 105 $aa-------001yy 200 1 $aAgostino Renna$ela forma della città$d= The form of the city$fa cura di /edited by Renato Capozzi ... [et al.] 210 $aNapoli$cCLEAN$d2016 215 $a155 p.$cill.$d21x23 cm 225 1 $aAbitare il futuro$d= Inhabiting the Future$v9 300 $aTesto in italiano e in inglese 610 0 $aUrbanistica - Progetti 676 $a711.4$v22 702 1$aCapozzi,$bRenato 801 0$aIT$bUNINA$gRICA$2UNIMARC 901 $aBK 912 $a990010114170403321 952 $aB 1288 CAN$b247/2016$fDARPU 952 $aB 1289 CAN$b248/2016$fDARPU 952 $aAREA 67$b251/2016$fFARBC 952 $aURB.LE B 3016 $b 9/2017$fFARBC 952 $a19.791$b250/2016$fDARST 959 $aFARBC 959 $aDARPU 959 $aDARST 996 $aAgostino Renna$91470760 997 $aUNINA LEADER 00944nam a22002411i 4500 001 991001077499707536 005 20030308133548.0 008 021116s1978 gr |||||||||||||||||gre 035 $ab12096660-39ule_inst 035 $aARCHE-018646$9ExL 040 $aDip.to Filologia Ling. e Lett.$bita$cA.t.i. Arché s.c.r.l. Pandora Sicilia s.r.l. 100 1 $aKorphes, Tasos$0450120 245 10$aMaties se poietes tou Mesopolemou :$bdokimia /$cTasou Korphe 260 $aAthena :$bProsperos,$c1978 300 $a89 p. :$b6 p. di tav. ;$c21 cm 650 4$aLetteratura greca$ySec. 20. 650 4$aPoeti greci$ySec. 20. 907 $a.b12096660$b02-04-14$c01-04-03 912 $a991001077499707536 945 $aLE008 FL.M. Neogr. 510$g1$iLE008A-04234$lle008$o-$pE0.00$q-$rl$s- $t0$u0$v0$w0$x0$y.i12398330$z01-04-03 996 $aMaties se poietes tou Mesopolemou$9139602 997 $aUNISALENTO 998 $ale008$b01-04-03$cm$da $e-$fgre$ggr $h0$i1